Notas sobre elecciones y transición en Guatemala
Guardat en:
| Autor principal: | |
|---|---|
| Autor corporatiu: | |
| Format: | Text |
| Publicat: |
San José:
ICADIS
|
| Etiquetes: |
Afegir etiqueta
Sense etiquetes, Sigues el primer a etiquetar aquest registre!
|
MARC
| LEADER | 00000 a a2200000 04500 | ||
|---|---|---|---|
| 001 | 24344 | ||
| 003 | |||
| 040 | |||
| 090 | |a 166700 | ||
| 100 | |a Aguilera Peralta, Gabriel | ||
| 110 | |a ICADIS. Proyecto Crisis y Alternativas en Centroamérica | ||
| 245 | |a Notas sobre elecciones y transición en Guatemala | ||
| 260 | |a San José: |b ICADIS | ||
| 300 | |a 17 p. | ||
| 999 | |c 13584 |d 13584 | ||
